000 00211 a2200097 4500
001 35560
100 _aGogiel M
245 _aThe electromagnetic Problem Solver
260 _aNJ
_bREA
_c
090 _c23433
_d23433
942 _aNUST-CAE
_cM
_c14929
999 _c270633
_d270633